Największe Miasta Nowej Zelandii - Statystyki

Ogólne statystyki
  • Ten quiz został rozwiązany 16 razy
  • Średni wynik to 3 z 10
Statystyki odpowiedzi
Miasto % Poprawnych
Wellington
100%
Auckland
93%
Christchurch
67%
Hamilton
33%
Dunedin
27%
Tauranga
13%
Lower Hutt
0%
Manukau
0%
North Shore
0%
Waitakere
0%
Nie znaleziono quizów pasujących do podanych kryteriów
Rozkład punktacji
Procent ludzi z każdym wynikiem
Percentyl według liczby udzielonych odpowiedzi
Twoja historia wyników
Nie rozwiązałeś tego quizu